000 00538nam a2200181Ia 4500
001 23794
005 20260414151001.0
008 260414t2008||||xx |||||||||||||| ||spa||
041 _aESP
082 _a709.46
_bG23 N° 3
100 _aGarcía Gainza, María Concepción
_eAUT
245 0 _aPresencia e influencias exteriores en el arte Navarro :
_bactas del congreso nacional Pamplona, 5-7 de noviembre de 2008
260 _c2008
300 _a739 páginas :
_c29 cm.
650 _aABD
654 _aCAU
942 _cLIB
_dJUS
_fJUS
_2ddc
_n
999 _c23794
_d23794